| 000 | 01401nam a2200217Ia 4500 | ||
|---|---|---|---|
| 003 | Ost | ||
| 005 | 20260416102359.0 | ||
| 008 | 260416s9999||||xx |||||||||||||| ||und|| | ||
| 040 | _cfsecg | ||
| 041 | _aara | ||
| 082 | _a336.2 | ||
| 100 |
_aلجناف، عبد الرزاق _eمؤلف |
||
| 245 | 0 |
_a التسيير الجبائي : _bالمطبوعة موجهة لفائدة سنة الثالثة ليسانس تخصص: محاسبة و جباية / _cعبد الرزاق لجناف |
|
| 260 |
_aالجزائر _bجامعة الجزائر3: كلية العلوم الإقتصادية، العلوم التجارية وعلوم التسيير _c2022 |
||
| 300 |
_a126 ورقة _bايضاحات _c30 سم |
||
| 504 | _aالمراجع ص.121 | ||
| 520 | _aمفهوم التسيير الضريبي و أهدافه ، نظام المعلومات الضريبية ، التسيير الضريبي لنشأة الؤسسة ، التسيير الضريبي لمختلف عمليات المؤسسة ، النتيجة المحاسبية و النتيجة الضريبية ، التسيير الضريبي للتحفيزات الجبائية ، المخاطر الجبائية للمؤسسة . | ||
| 653 | _aالضرائب | ||
| 710 |
_aجامعة الجزائر3: كلية العلوم الإقتصادية، العلوم التجارية وعلوم التسيير _eناشر علمي |
||
| 942 | _cHANDOUT | ||
| 999 |
_c41355 _d41355 |
||